000 00653nam a22001697a 4500
999 _c63884
_d63884
003 Ge_BSU
005 20260211170451.0
008 260211s1981 ge ||||| |||| 00| 0 geo d
041 _ageo
080 _a908(479.223) პ-18
100 _aპაპუნიძე, ვახტანგ
_926882
245 _aსაბჭოთა აჭარის 60 წელი.
_cვახტანგ პაპუნიძე.
264 _aბათუმი :
_b საბჭ. აჭარა,
_c1981.
300 _a139 გვ. ;
_b17სმ.
653 _aკომუნისტური მშენებლობა აჭარაში.
942 _2udc
_cBK